000 00684nam a2200169Ia 4500
003 GCL
005 20240530110153.0
008 140319s9999 xx 000 0 ara d
040 _aGCL /
_cGCL
082 0 4 _a320.101/
_bش ت
100 1 _4شوفالييه، جاك جان
245 1 0 _aتاريخ الفكر السياسى:
_bمن الدولة القومية الى الدولة الامية /
_cجان جاك شوفالييه ؛ ترجمة محمد عرب صاصيلا
260 _aبيروت:
_bالمؤسسة الجامعية للدراسات والنشر والتوزيع ،
_c1991
300 _a248 ص
700 0 _4محمد عرب صاصيلا
_eمترجم
942 _2ddc
_cBK
999 _c59153
_d59153